Declaraciones sobre normas de auditoria (Tomo lll)/ (Registro nro. 8938)

Detalles MARC
000 -LEADER
fixed length control field 02063nam a2200205Ia 4500
005 - FECHA Y HORA DE LA ÚLTIMA TRANSACCIÓN
control field 20230821152902.0
008 - FIXED-LENGTH DATA ELEMENTS--GENERAL INFORMATION
fixed length control field 230814s9999 xx 000 0 und d
020 ## - INTERNATIONAL STANDARD BOOK NUMBER
International Standard Book Number 968603725X
040 ## - CATALOGING SOURCE
Original cataloging agency UPAN
Transcribing agency Biblioteca San Vicente
Description conventions RCAA2
041 ## - LANGUAGE CODE
Language code of text/sound track or separate title spa
082 ## - DEWEY DECIMAL CLASSIFICATION NUMBER
Classification number 657.45
Item number I59d
año de publicación 1996
110 ## - MAIN ENTRY--CORPORATE NAME
Corporate name or jurisdiction name as entry element Comite ejecutivo de normas de auditorias
245 #0 - TITLE STATEMENT
Title Declaraciones sobre normas de auditoria (Tomo lll)/
Remainder of title Comite ejecutivo de normas de auditorias
250 ## - EDITION STATEMENT
Edition statement 3° reim.
260 ## - PUBLICATION, DISTRIBUTION, ETC. (IMPRINT)
Place of publication, distribution, etc Mexico:
Name of publisher, distributor, etc IMCP,
Date of publication, distribution, etc 1997
300 ## - PHYSICAL DESCRIPTION
Extent 269 p.;
Dimensions 22 cm.
505 ## - FORMATTED CONTENTS NOTE
Formatted contents note 1. Procedimientos analíticos de revisión<br/>2. Revisión de información financiera intermedia<br/>3. Relacion de las normas de auditoria generalmente aceptadas con las normas de control de calidad<br/>4. Información adicional solicitada por el Comité de Normas de Contabilidad Financiera ( FASB)<br/>5. Información adicional sobre los efectos de los cambios en los precios<br/>6. Dictamen sobre información que acompaña a los estados financieros básicos en documentos preparados por el auditor<br/>7. Informe sobre control interno contable<br/>8. Evidencia comprobatoria<br/>9. Revelación adecuada en los estados financieros<br/>10. Información adicional sobre la reserva de petróleo y gas <br/>11. Consideraciones del auditor cuando surge una incertidumbre sobre la continuación de la entidad como negocio en marcha<br/>12. Informes especiales- aplicando procedimientos previamente convenidos a elementos, cuentas o partidas específicas de un estado financiero<br/>13. Presentación de informes conforme a reglamentos federales de valores<br/>14. Cartas a agentes de valores <br/>15. El muestreo en la auditoria<br/>16. Información complementaria sobre las reservas minerales<br/>17. Papeles de trabajo<br/>18. Presentación de información sobre estados financieros condensados y datos financieros seleccionados <br/>19. Declaración general sobre Normas de Auditoria<br/>20. Dictámenes para fines especiales sobre el control interno contable en organizaciones prestadoras de servicios
650 ## - SUBJECT ADDED ENTRY--TOPICAL TERM
Source of heading or term LEMB
Topical term or geographic name as entry element Normas
General subdivision Auditoria
942 ## - ADDED ENTRY ELEMENTS (KOHA)
Koha item type Libros
Source of classification or shelving scheme Dewey Decimal Classification
Existencias
Withdrawn status Lost status Source of classification or shelving scheme Damaged status Not for loan Collection code Home library Current library Date acquired Total Checkouts Full call number Barcode Date last seen Copy number Price effective from Koha item type
    Dewey Decimal Classification     Colección General Biblioteca UPAN San Vicente Biblioteca UPAN San Vicente 14/08/2023   657.45 I59d 12001608 14/08/2023 01 14/08/2023 Libros
    Dewey Decimal Classification     Colección General Biblioteca UPAN San Vicente Biblioteca UPAN San Vicente 14/08/2023   657.45 I59d 12001610 21/08/2023 02 14/08/2023 Libros
    Dewey Decimal Classification     Colección General Biblioteca UPAN San Vicente Biblioteca UPAN San Vicente 14/08/2023   657.45 I59d 12001609 21/08/2023 03 14/08/2023 Libros